|
|
|
|
| LEADER |
01874nam a2200373 a 4500 |
| 001 |
34163 |
| 003 |
BD-DhAAL |
| 005 |
20190120100403.0 |
| 008 |
190120t2011 miua b s001 0 eng d |
| 999 |
|
|
|c 40405
|d 40405
|
| 010 |
|
|
|a 2008300252
|
| 020 |
|
|
|a 9780472032594 (pbk.)
|
| 020 |
|
|
|a 0472032593 (pbk.)
|
| 035 |
|
|
|a (OCoLC)ocn191809563
|
| 040 |
|
|
|a BTCTA
|c BTCTA
|d BAKER
|d YDXCP
|d UAB
|d BWX
|d IXA
|d DLC
|d BD-DhAAL
|
| 042 |
|
|
|a lccopycat
|
| 050 |
0 |
0 |
|a PE1128.A2
|b L3585 2008
|
| 082 |
0 |
0 |
|a 428.0071
|2 22
|
| 245 |
0 |
0 |
|a Leadership in English language teaching and learning /
|c Christine Coombe ... [et al.], editors; preface by Jun Liu.
|
| 260 |
|
|
|a Ann Arbor :
|b University of Michigan Press,
|c c2011.
|
| 300 |
|
|
|a vi, 237 pages :
|b illustrations ;
|c 23 cm.
|
| 504 |
|
|
|a Includes bibliographical references and indexes.
|
| 520 |
|
|
|a Leadership skills are indispensable in language teaching and learning. This title provides theoretical underpinnings of leadership development; the leadership skills and strategies on the topics of interpersonal communication, personal organization skills, and program organization skills; and issues relevant to ELT leadership in US public schools.
|
| 526 |
|
|
|a BIL
|
| 541 |
|
|
|a Pay the bill to Lady Syeda Sarwat Abed, Director, BIL, BRAC University
|e 34163
|
| 650 |
|
0 |
|a English language
|x Study and teaching
|x Foreign speakers.
|9 29633
|
| 650 |
|
0 |
|a Educational leadership.
|9 29634
|
| 650 |
|
0 |
|a English teachers
|x Training of.
|9 29635
|
| 700 |
1 |
|
|a Coombe, Christine A.
|q (Christine Anne),
|d 1962-
|9 29636
|
| 700 |
1 |
|
|a McCloskey, Mary Lou
|9 29637
|
| 700 |
1 |
|
|a Stephenson, Lauren
|9 29638
|
| 700 |
1 |
|
|a Anderson Neil J.
|9 29639
|
| 942 |
|
|
|2 ddc
|c BK
|
| 952 |
|
|
|0 0
|1 0
|2 ddc
|4 0
|6 428_007100000000000_LEA
|7 0
|9 64947
|a BRACUL
|b BRACUL
|c GEN
|d 2019-01-17
|e BIL
|g 4690.00
|l 3
|m 15
|o 428.0071 LEA
|p 3010034163
|r 2022-12-28
|s 2022-10-14
|t 1
|v 4690.00
|w 2019-01-17
|y BK
|